Rights of passage (Record no. 2427)

MARC details
000 -LEADER
fixed length control field 00657cab a2200253 4500
001 - CONTROL NUMBER
control field ABS53419
008 - FIXED-LENGTH DATA ELEMENTS--GENERAL INFORMATION
fixed length control field 090401t1995 xxu||||| |||| 00| 0 eng d
035 ## - SYSTEM CONTROL NUMBER
System control number (Sirsi) u4052
041 ## - LANGUAGE CODE
Language code of text/sound track or separate title eng
100 ## - MAIN ENTRY--PERSONAL NAME
Personal name Birts, P.
245 ## - TITLE STATEMENT
Title Rights of passage
260 ## - PUBLICATION, DISTRIBUTION, ETC.
Date of publication, distribution, etc. 1995
350 ## - PRICE (NR) (BK AM CF MU VM SE) [OBSOLETE]
Price 0
490 ## - SERIES STATEMENT
Series statement Country Landowner
Volume/sequential designation September 1995, 27
520 ## - SUMMARY, ETC.
Summary, etc. Discusses the issues involved in modifying a public right of way.
650 ## - SUBJECT ADDED ENTRY--TOPICAL TERM
Topical term or geographic name entry element LANDOWNERS
650 ## - SUBJECT ADDED ENTRY--TOPICAL TERM
Topical term or geographic name entry element MODIFICATION
650 ## - SUBJECT ADDED ENTRY--TOPICAL TERM
Topical term or geographic name entry element PUBLIC FOOTPATHS
650 ## - SUBJECT ADDED ENTRY--TOPICAL TERM
Topical term or geographic name entry element RIGHTS OF WAY
690 ## - LOCAL SUBJECT ADDED ENTRY--TOPICAL TERM (OCLC, RLIN)
Topical term or geographic name as entry element HIGHWAYS RIGHTS OF WAY AND EASEMENTS
700 ## - ADDED ENTRY--PERSONAL NAME
Personal name Ackroyd, P.
942 ## - ADDED ENTRY ELEMENTS (KOHA)
Suppress in OPAC 0
948 ## - LOCAL PROCESSING INFORMATION (OCLC); SERIES PART DESIGNATOR (RLIN)
c (OCLC) 04/03/1997
Holdings
Withdrawn status Lost status Source of classification or shelving scheme Damaged status Not for loan Home library Current library Shelving location Date acquired Total Checkouts Full call number Barcode Date last seen Copy number Price effective from Koha item type
    Dewey Decimal Classification     London London Journal article 14/09/1999   ABS53419 4052-1001 06/08/2019 1 06/08/2019 Journal article